The effectiveness of hot chillies as alternatives to synthetic pesticides ( Dimethoate on rape aphids(Brevicoryne Brassicae) (Record no. 84773)

MARC details
000 -LEADER
fixed length control field 00839 a2200241 4500
003 - CONTROL NUMBER IDENTIFIER
control field CBULib
005 - DATE AND TIME OF LATEST TRANSACTION
control field 20250425075555.0
008 - FIXED-LENGTH DATA ELEMENTS--GENERAL INFORMATION
fixed length control field 240404b |||||||| |||| 00| 0 eng d
040 ## - CATALOGING SOURCE
Language of cataloging English
Transcribing agency CBULib
Description conventions rda
Original cataloging agency CBULib
Modifying agency CBULib
050 ## - LIBRARY OF CONGRESS CALL NUMBER
Classification number CBU-UGTHESIS/MWI
100 ## - MAIN ENTRY--PERSONAL NAME
Personal name Mwila Chama,Loyce
111 ## - MAIN ENTRY--MEETING NAME
Meeting name or jurisdiction name as entry element The Copperbelt University
9 (RLIN) 570
245 ## - TITLE STATEMENT
Title The effectiveness of hot chillies as alternatives to synthetic pesticides ( Dimethoate on rape aphids(Brevicoryne Brassicae)
Statement of responsibility, etc /by Chama Mwila,Loyce
260 ## - PUBLICATION, DISTRIBUTION, ETC. (IMPRINT)
Name of publisher, distributor, etc Copperbelt University;
Date of publication, distribution, etc 2013
Place of publication, distribution, etc Kitwe.
300 ## - PHYSICAL DESCRIPTION
Extent x,39 pages ; illustrations
336 ## - CONTENT TYPE
Source rdacontent
Content type term Text |
Content type code txt
337 ## - MEDIA TYPE
Source rdamedia
Media type term Unmediated |
Media type code n
338 ## - CARRIER TYPE
Source rdacarrier
Carrier type term Volume
Carrier type code nc
650 #0 - SUBJECT ADDED ENTRY--TOPICAL TERM
9 (RLIN) 2597
Topical term or geographic name as entry element PESTICIDES
650 #0 - SUBJECT ADDED ENTRY--TOPICAL TERM
9 (RLIN) 2598
Topical term or geographic name as entry element PESTICIDES-SYNTHETIC
650 #0 - SUBJECT ADDED ENTRY--TOPICAL TERM
9 (RLIN) 2599
Topical term or geographic name as entry element CHILLIES-HOT
942 ## - ADDED ENTRY ELEMENTS (KOHA)
Source of classification or shelving scheme
Koha item type UNIVERSITY COLLECTION
Holdings
Withdrawn status Lost status Source of classification or shelving scheme Damaged status Not for loan Collection code Permanent Location Current Location Shelving location Date acquired Source of acquisition Full call number Barcode Date last seen Copy number Price effective from Koha item type Total Checkouts
          Special Collections CBU-MAIN LIBRARY, KITWE. CBU-MAIN LIBRARY, KITWE. Special Collections 04/05/2024 DEP-CBU/04/2024 CBU-THES/UG/MWI B93598 04/05/2024 1 04/05/2024 UNIVERSITY COLLECTION  
          Special Collections CBU-MAIN LIBRARY, KITWE. CBU-MAIN LIBRARY, KITWE. Special Collections 04/05/2024 DEP-CBU/04/2024     04/05/2024   04/05/2024 UNIVERSITY COLLECTION